LEADER 00986nam0-22003131i-450- 001 990002537980403321 010 $a0412376903 035 $a000253798 035 $aFED01000253798 035 $a(Aleph)000253798FED01 035 $a000253798 100 $a20000920d1991----km-y0itay50------ba 101 0 $aENG 200 1 $aTools of Total Quality$eAn Introduction to Statistical Process Control$fPatrick Lyonnet. - Translation by Jack Howlett. 210 $aLondon$cChapman & Hall$d1991. 215 $aVI, 184 p.$d23 cm 300 $aTitolo originale : "Les Outils de la Qualité Totale" 610 0 $aStatistica aziendale, Controllo di qualità e affidabilità 676 $a658 700 1$aLyonnet,$bPatrick$0103531 702 1$aHowlett,$bJack$f<1912- > 801 0$aIT$bUNINA$gRICA$2UNIMARC 901 $aBK 912 $a990002537980403321 952 $aXVII-C-34$b2500$fMAS 959 $aMAS 996 $aTools of Total Quality$9437981 997 $aUNINA DB $aING01 LEADER 01348nam--2200433---450- 001 990003088940203316 005 20090130170035.0 010 $a978-88-217-2670-5 035 $a000308894 035 $aUSA01000308894 035 $a(ALEPH)000308894USA01 035 $a000308894 100 $a20080331d2007----km-y0itay50------ba 101 $aita 102 $aIT 105 $a||||||||001yy 200 1 $aBudget del personale$fAlfredo Casotto, Maria Rosa Gheido, Massimo Brisciani 210 $a[Milanofiori, Assago]$cIpsoa$d2007 215 $a152 p.$d24 cm 225 2 $aGuida alle paghe$v8 410 0$12001$aGuida alle paghe 606 0 $aTrattamento economico*$aBNCF 676 $a658.1553 700 1$aCASOTTI,$bAlfredo$0150595 701 1$aGHEIDO,$bMaria Rosa$0150596 702 1$aBRISCIANI,$bMassimo 801 0$aIT$bsalbc$gISBD 912 $a990003088940203316 951 $a658.155 CAS 1 (IRA 25 600)$b16129 EC$cIRA 25$d00210346 959 $aBK 969 $aIRA 979 $aCHIARA$b90$c20080331$lUSA01$h0935 979 $aCHIARA$b90$c20080331$lUSA01$h0935 979 $aCHIARA$b90$c20080331$lUSA01$h0940 979 $aCHIARA$b90$c20080401$lUSA01$h1345 979 $aCHIARA$b90$c20080401$lUSA01$h1346 979 $aRSIAV3$b90$c20090130$lUSA01$h1700 996 $aBudget del personale$91019422 997 $aUNISA